All Twenty One Pilots Songs - Statistics

General Stats
  • This quiz has been taken 9,886 times
    1,263 since last reset
  • The average score is 77 of 114
Answer Stats
Answer % Correct
Suicide Squad: The Album Heathens
92%
Blurryface Stressed Out
90%
Blurryface Ride
88%
Breach (Digital Remains) Drag Path
87%
Trench Jumpsuit
86%
Breach City Walls
85%
Blurryface Heavydirtysoul
85%
Arcane League Of Legends: Season 2 OST The Line
84%
Clancy Overcompensate
82%
Regional At Best | Vessel Trees
82%
Trench Chlorine
80%
Breach Drum Show
79%
Trench Nico and the Niners
79%
Regional At Best | Vessel Car Radio
78%
Trench Levitate
78%
Scaled And Icy Saturday
78%
Regional At Best | Vessel Guns for Hands
76%
Regional At Best | Vessel Ode to Sleep
76%
Breach RAWFEAR
76%
Breach The Contract
76%
Breach Downstairs
75%
Regional At Best | Vessel House of Gold
75%
Breach Intentions
75%
Clancy Next Semester
75%
Blurryface Tear In My Heart
75%
Vessel Truce
75%
Regional At Best | Vessel Holding on to You
74%
Clancy Paladin Strait
74%
Rock Sound Presents: The Black Parade Cancer
73%
Blurryface Goner
73%
Blurryface Lane Boy
73%
Trench Leave the City
73%
Scaled And Icy Redecorate
73%
Blurryface Doubt
72%
Breach One Way
72%
Trench Pet Cheetah
72%
Scaled And Icy Shy Away
72%
Clancy Backslide
71%
Breach Days Lie Dormant
70%
2020 Single 1. Level of Concern
70%
Trench My Blood
70%
Breach Tally
70%
Blurryface We Don't Believe What's On TV
70%
Trench Bandito
69%
Breach Cottonwood
69%
Breach Garbage
69%
Scaled And Icy Good Day
69%
Clancy Midwest Indigo
69%
Vessel Migraine
69%
Scaled And Icy Mulberry Street
69%
Breach Robot Voices
69%
Clancy At The Risk Of Feeling Dumb
68%
Breach Center Mass
68%
Blurryface Hometown
68%
Trench Neon Gravestones
68%
Clancy Oldies Station
68%
Clancy Routines In The Night
68%
Blurryface The Judge
68%
Clancy Vignette
68%
Clancy Lavish
67%
Clancy Navigating
67%
Clancy The Craving (Jenna's Version)
67%
Scaled And Icy Choker
66%
Trench Morph
66%
Scaled And Icy The Outside
66%
Regional At Best Forest
65%
Self Titled Isle Of Flightless Birds
65%
Regional At Best Kitchen Sink
65%
Blurryface Message Man
65%
Scaled And Icy Bounce Man
64%
Blurryface Fairly Local
64%
Vessel Screen
64%
Scaled And Icy No Chances
63%
Blurryface Polarize
63%
Regional At Best Ruby
63%
Vessel Semi Automatic
63%
Trench Smithereens
63%
Clancy Snap Back
63%
Self Titled Addict With A Pen
62%
Self Titled Johnny Boy
62%
Trench Legend
62%
Trench The Hype
62%
Self Titled A Car A Torch A Death
61%
Blurryface Not Today
60%
Vessel Fake You Out
59%
Scaled And Icy Formidable
58%
Self Titled Oh Ms Believer
58%
Self Titled Taxi Cab
58%
Self Titled The Pantaloon
58%
Self Titled Trapdoor
58%
Trench Cut My Lip
57%
Self Titled Fall Away
57%
Scaled And Icy Never Take It
57%
Vessel The Run and Go
57%
2020 Single 2. Christmas Saves The Year
55%
2024 Single The Craving (Single Version)
54%
Self Titled Air Catcher
53%
Self Titled Implicit Demand For Proof
53%
Regional At Best Lovely
52%
Self Titled Friend, Please
51%
Self Titled March To The Sea
50%
Regional At Best Glowing Eyes
48%
Regional At Best Anathema
47%
Self Titled Before You Start Your Day
46%
Regional At Best Slowtown
44%
Regional At Best Clear
40%
Regional At Best Be Concerned
38%
Regional At Best Two
37%
No matching quizzes found
Score Distribution
Percent of People with Each Score
Percentile by Number Answered
Your Score History
You have not taken this quiz since the last reset